[Event "FRA-chT4 1314"]
[Site "Champagne Ardennes"]
[Date "2013.12.15"]
[Round "3"]
[White "Vedovotto, Nicolas"]
[Black "Hirardin, Vincent"]
[Result "1/2-1/2"]
[WhiteElo "2093"]
[BlackElo "2163"]
[PlyCount "46"]
[EventDate "2013.10.25"]
[EventType "team-tourn"]
[EventRounds "7"]
[EventCountry "FRA"]
[SourceTitle "EXT 2024"]
[Source "ChessBase"]
[SourceDate "2023.10.10"]
[SourceVersion "1"]
[SourceVersionDate "2023.10.10"]
[SourceQuality "1"]

1. Nc3 Nf6 2. e4 e5 3. Nf3 Nc6 4. d4 exd4 5. Nxd4 Nxd4 6. Qxd4 d6 7. Bf4 Be7 8. 0-0-0 Be6 9. f3 0-0 10. g4 Nd7 11. h4 a6 12. g5 f6 13. Qe3 b5 14. Kb1 Ne5 15. h5 b4 16. Nd5 Bxd5 17. Rxd5 c6 18. Rd1 Qc7 19. g6 Qa7 20. Qb3+ Kh8 21. h6 Nxg6 22. hxg7+ Kxg7 23. Bh6+ Kh8 1/2-1/2

[Event "FRA-chT4 1314"]
[Site "Champagne Ardennes"]
[Date "2013.11.24"]
[Round "2.2"]
[White "Hanot, Wilfried"]
[Black "Hirardin, Vincent"]
[Result "0-1"]
[WhiteElo "1819"]
[BlackElo "2163"]
[PlyCount "82"]
[EventDate "2013.10.25"]
[EventType "team-tourn"]
[EventRounds "7"]
[EventCountry "FRA"]
[SourceTitle "EXT 2024"]
[Source "ChessBase"]
[SourceDate "2023.10.10"]
[SourceVersion "1"]
[SourceVersionDate "2023.10.10"]
[SourceQuality "1"]

1. b4 e6 2. Bb2 Nf6 3. b5 d5 4. e3 Be7 5. Nf3 0-0 6. a4 a6 7. c4 c6 8. Qb3 Nbd7 9. d4 Ne4 10. Nbd2 axb5 11. cxd5 bxa4 12. Rxa4 Nxd2 13. Nxd2 Rxa4 14. Qxa4 exd5 15. Bd3 Nf6 16. 0-0 Bd6 17. Rc1 Re8 18. Qc2 h6 19. h3 Bd7 20. Ra1 Qc8 21. Bf1 Bf5 22. Qb3 Bb8 23. Qd1 Be4 24. g3 Bf5 25. Kh2 Ne4 26. Nxe4 Bxe4 27. Bg2 Bxg2 28. Kxg2 Qf5 29. Bc3 Bd6 30. Rb1 Qe4+ 31. Kh2 b5 32. Bb4 Bc7 33. Rc1 Re6 34. Ra1 Rf6 35. Ra2 g6 36. Ra8+ Kh7 37. Ra2 h5 38. h4 Qxh4+ 39. Kg2 Qe4+ 40. Kh3 h4 41. Qg4 Qh1# 0-1

[Event "FRA-chT2O 0203"]
[Site "France"]
[Date "2002.10.13"]
[Round "1.4"]
[White "Maatoug, Redwan"]
[Black "Hirardin, Vincent"]
[Result "1/2-1/2"]
[WhiteElo "2211"]
[BlackElo "2270"]
[PlyCount "140"]
[EventDate "2002.10.??"]
[EventType "team"]
[EventRounds "11"]
[EventCountry "FRA"]
[SourceTitle "EXT 2004"]
[Source "ChessBase"]
[SourceDate "2003.11.25"]
[SourceVersion "1"]
[SourceVersionDate "2003.11.25"]
[SourceQuality "1"]
[WhiteTeam "Nancy II"]
[BlackTeam "Chalons en Champagne"]
[WhiteTeamCountry "FRA"]
[BlackTeamCountry "FRA"]

1. d4 e6 2. Nf3 Nf6 3. c4 b6 4. g3 Ba6 5. Nbd2 c5 6. e4 cxd4 7. e5 Ng8 8. Bg2 Bb7 9. 0-0 d6 10. exd6 Bxd6 11. Nxd4 Bxg2 12. Kxg2 Nf6 13. Nb5 0-0 14. Nf3 Be7 15. Ne5 Qxd1 16. Rxd1 Rc8 17. Be3 Nc6 18. Nxc6 Rxc6 19. b3 h6 20. h3 a6 21. Nd4 Rc7 22. Bf4 Rcc8 23. Nf3 b5 24. Ne5 Ba3 25. Bc1 Bb4 26. Bb2 Ba5 27. Kf3 Ra7 28. a3 bxc4 29. Nxc4 Bd8 30. Rd3 Nd5 31. Rad1 Be7 32. Ne3 Nxe3 33. Rxe3 Rb7 34. Rdd3 Bg5 35. Re2 Rcb8 36. b4 a5 37. Bc3 axb4 38. Bxb4 Be7 39. Bxe7 Rxe7 40. Ree3 Ra7 41. Rb3 Rba8 42. Rec3 Kf8 43. Kg2 Ke7 44. Kf3 h5 45. Kg2 g5 46. Rc5 f5 47. g4 hxg4 48. hxg4 Ra5 49. Rbb5 Rxb5 50. Rxb5 Kf6 51. gxf5 exf5 52. Rb6+ Kg7 53. Rb7+ Kg6 54. Rb6+ Kh5 55. Rb5 f4 56. Rb3 Ra4 57. Rh3+ Kg4 58. Rc3 Ra5 59. Rd3 Kf5 60. Rb3 g4 61. Rc3 Kg5 62. Rb3 Kh4 63. Rb8 Rxa3 64. Rh8+ Kg5 65. Rg8+ Kf5 66. Rf8+ Ke4 67. Re8+ Kf5 68. Rf8+ Ke4 69. Re8+ Kf5 70. Rf8+ Ke4 1/2-1/2

[Event "FRA-chT4 0102"]
[Site "Champagne Ardenne"]
[Date "2002.01.20"]
[Round "4"]
[White "Olarasu, Gabriela"]
[Black "Hirardin, Vincent"]
[Result "1-0"]
[WhiteElo "2293"]
[BlackElo "2300"]
[PlyCount "73"]
[EventDate "2002.10.??"]
[EventType "team"]
[EventRounds "7"]
[EventCountry "FRA"]
[SourceTitle "EXT 2005"]
[Source "ChessBase"]
[SourceDate "2004.11.15"]
[SourceVersion "1"]
[SourceVersionDate "2004.11.15"]
[SourceQuality "1"]

1. d4 e6 2. c4 Nf6 3. Nc3 Bb4 4. Qc2 c5 5. dxc5 Na6 6. a3 Bxc3+ 7. Qxc3 Nxc5 8. b4 Nce4 9. Qd4 d5 10. c5 b6 11. f3 bxc5 12. bxc5 Qa5+ 13. Qb4 Qc7 14. fxe4 Rb8 15. Qa4+ Bd7 16. c6 0-0 17. Bd2 Bxc6 18. Rc1 Rfc8 19. Qa5 Qe5 20. Nf3 Qxe4 21. h3 Rb1 22. Kf2 Rxc1 23. Bxc1 Qc2 24. Bf4 Ne4+ 25. Kg1 Qd1 26. Kh2 f6 27. e3 e5 28. Ba6 Qc2 29. Bxc8 exf4 30. Qd8+ Kf7 31. Qc7+ Kf8 32. Nd4 Qf2 33. Ne6+ Ke8 34. Qxc6+ Kf7 35. Qd7+ Kg6 36. Qxg7+ Kf5 37. Nxf4+ 1-0